[Event "Sandefjord Caissa Spring B"]
[Site "Sandefjord"]
[Date "2019.01.28"]
[Round "2"]
[White "Engelstad, Fred"]
[Black "Pedersen, Helge Fischer"]
[Result "0-1"]
[WhiteElo "1006"]
[BlackElo "1440"]
[PlyCount "83"]
[EventDate "2019.01.21"]
[EventType "tourn"]
[EventRounds "6"]
[EventCountry "NOR"]
[SourceTitle "EXT 2024"]
[Source "ChessBase"]
[SourceDate "2023.10.10"]
[SourceVersion "1"]
[SourceVersionDate "2023.10.10"]
[SourceQuality "1"]

1. e4 c6 2. d4 d5 3. exd5 cxd5 4. c4 e6 5. cxd5 exd5 6. Nf3 Nf6 7. Bb5+ Bd7 8. Bxd7+ Nbxd7 9. Ne5 Bd6 10. Nxd7 Qxd7 11. Qe2+ Be7 12. 0-0 0-0 13. g3 Rfe8 14. a4 a6 15. Qd3 Qh3 16. Qf3 Bb4 17. Bd2 Bd6 18. Nc3 Bb4 19. Rad1 Bxc3 20. Bxc3 b5 21. b3 bxa4 22. bxa4 h6 23. Qg2 Qd7 24. h3 Qxa4 25. Rfe1 Rxe1+ 26. Rxe1 Rc8 27. Ba1 Qa3 28. Qf1 Ne4 29. Re3 Qa4 30. Re1 Qa5 31. Rc1 Rxc1 32. Qxc1 Qd8 33. Kg2 a5 34. f3 Ng5 35. Qa3 Qa8 36. Qa4 Qa6 37. Qd1 a4 38. Bb2 a3 39. Bxa3 Qxa3 40. h4 Qa2+ 41. Kf1 Qc4+ 42. Kg2 0-1

[Event "Ski Follosjakken Grand Prix 3 B"]
[Site "Ski"]
[Date "2018.09.08"]
[Round "1"]
[White "Pedersen, Helge Fischer"]
[Black "Westrum, Kim Roger Hansen"]
[Result "0-1"]
[WhiteElo "1315"]
[BlackElo "1519"]
[PlyCount "101"]
[EventDate "2018.09.08"]
[EventType "swiss (rapid)"]
[EventRounds "6"]
[EventCountry "NOR"]
[SourceTitle "EXT 2024"]
[Source "ChessBase"]
[SourceDate "2023.10.10"]
[SourceVersion "1"]
[SourceVersionDate "2023.10.10"]
[SourceQuality "1"]

1. e4 e6 2. d4 d5 3. e5 c5 4. c3 Nc6 5. Nf3 Qb6 6. Bd3 Bd7 7. dxc5 Bxc5 8. 0-0 Qc7 9. Qe2 Nge7 10. Be3 Bb6 11. Bxb6 Qxb6 12. b3 d4 13. cxd4 Nxd4 14. Nxd4 Qxd4 15. Nd2 Nd5 16. Nf3 Qb4 17. Rac1 Nf4 18. Qe4 Qxe4 19. Bxe4 Ne2+ 20. Kh1 Nxc1 21. Rxc1 Rc8 22. Re1 Bc6 23. Bxc6+ Rxc6 24. Nd4 Rc5 25. h3 0-0 26. g4 Rd8 27. Re4 Rcd5 28. Nf3 Rd3 29. Kg2 Rc3 30. Nd4 a6 31. a4 Rd3 32. Nc2 Rxb3 33. Ne3 a5 34. Rc4 Kf8 35. Rc7 Rd4 36. Rc5 Rxa4 37. Rc8+ Ke7 38. Nc4 Rc3 39. Rc7+ Kd8 40. Rxb7 Raxc4 41. Rxf7 Rc7 42. Rf8+ Kd7 43. Rf4 R3c4 44. Rf3 a4 45. Rd3+ Ke7 46. Re3 Ra7 47. Ra3 Rb4 48. Rc3 a3 49. Rc1 a2 50. Re1 Rb1 51. Rc1 0-1

[Event "Konnerud Grand Prix NGP"]
[Site "Konnerud"]
[Date "2016.12.11"]
[Round "4"]
[White "Thingstad, Tormod"]
[Black "Pedersen, Helge Fischer"]
[Result "1-0"]
[WhiteElo "1432"]
[BlackElo "1454"]
[PlyCount "93"]
[EventDate "2016.12.10"]
[EventType "swiss"]
[EventRounds "5"]
[EventCountry "NOR"]
[SourceTitle "EXT 2024"]
[Source "ChessBase"]
[SourceDate "2023.10.10"]
[SourceVersion "1"]
[SourceVersionDate "2023.10.10"]
[SourceQuality "1"]

1. d4 d5 2. c4 e5 3. dxe5 d4 4. Nf3 Nc6 5. e3 Bb4+ 6. Bd2 dxe3 7. fxe3 Bg4 8. Be2 Bxf3 9. Bxf3 Bxd2+ 10. Nxd2 Nxe5 11. 0-0 c6 12. Qe2 Nf6 13. Ne4 Nxe4 14. Bxe4 Qe7 15. b3 0-0-0 16. Rad1 Rde8 17. Bf5+ Kb8 18. Bc2 g6 19. e4 h5 20. Qf2 Ref8 21. Qf6 Qc7 22. c5 Ka8 23. Rd6 Ng4 24. Qd4 f6 25. h3 b6 26. b4 bxc5 27. bxc5 Rd8 28. hxg4 hxg4 29. Rfxf6 Rxd6 30. Qxd6 Qxd6 31. Rxd6 Kb7 32. Kf2 Rf8+ 33. Kg3 g5 34. e5 Rf4 35. Rf6 Rc4 36. Bg6 Rxc5 37. e6 Re5 38. Rf7+ Kb6 39. e7 c5 40. Rh7 c4 41. e8Q Rxe8 42. Bxe8 c3 43. Bg6 a5 44. Bc2 Kc5 45. a3 Kd4 46. Re7 a4 47. Kxg4 1-0

[Event "Konnerud Grand Prix NGP"]
[Site "Konnerud"]
[Date "2016.12.10"]
[Round "2"]
[White "Grindbakken, Erik"]
[Black "Pedersen, Helge Fischer"]
[Result "1-0"]
[WhiteElo "1644"]
[BlackElo "1454"]
[PlyCount "41"]
[EventDate "2016.12.10"]
[EventType "swiss"]
[EventRounds "5"]
[EventCountry "NOR"]
[SourceTitle "EXT 2024"]
[Source "ChessBase"]
[SourceDate "2023.10.10"]
[SourceVersion "1"]
[SourceVersionDate "2023.10.10"]
[SourceQuality "1"]

1. c4 e5 2. Nc3 Nf6 3. Nf3 Bb4 4. Nxe5 Bxc3 5. bxc3 0-0 6. d4 d6 7. Nf3 Bg4 8. Bg5 Bxf3 9. gxf3 Nbd7 10. e3 c6 11. Qc2 Qa5 12. Rg1 h6 13. Bxh6 Nh5 14. Rg5 Qd8 15. Rxh5 gxh6 16. Rxh6 f5 17. Rh3 Rf7 18. Bd3 Qf6 19. 0-0-0 Raf8 20. Rg1+ Rg7 21. Rxg7+ 1-0

[Event "Konnerud Grand Prix NGP"]
[Site "Konnerud"]
[Date "2016.12.10"]
[Round "3"]
[White "Pedersen, Helge Fischer"]
[Black "Helliesen, Lykke Merlot"]
[Result "0-1"]
[WhiteElo "1454"]
[BlackElo "1497"]
[PlyCount "78"]
[EventDate "2016.12.10"]
[EventType "swiss"]
[EventRounds "5"]
[EventCountry "NOR"]
[SourceTitle "EXT 2024"]
[Source "ChessBase"]
[SourceDate "2023.10.10"]
[SourceVersion "1"]
[SourceVersionDate "2023.10.10"]
[SourceQuality "1"]

1. e4 e5 2. Nf3 Nc6 3. Bc4 Bc5 4. b4 Bxb4 5. c3 Bc5 6. 0-0 Nf6 7. d4 exd4 8. cxd4 Be7 9. e5 Ne4 10. Re1 Ng5 11. Bxg5 Bxg5 12. Nxg5 Qxg5 13. Nc3 0-0 14. Ne4 Qd8 15. Re3 d5 16. Bxd5 Qxd5 17. Qc2 Qxd4 18. Rd1 Qxe5 19. Ng3 Qf6 20. Rf3 Qg5 21. h3 Be6 22. Qc3 Bxa2 23. Ne4 Qe5 24. Qe3 Bd5 25. Rf4 f5 26. Nc3 Qxe3 27. fxe3 Be6 28. Re1 a5 29. Nb5 Rf7 30. e4 a4 31. exf5 Bxf5 32. Nxc7 Rxc7 33. Rxf5 a3 34. Rc5 a2 35. Ra1 Rd7 36. Rcc1 Nd4 37. Rf1 b5 38. Kh1 b4 39. Rad1 b3 0-1

[Event "Oslo op"]
[Site "Fornebu"]
[Date "2016.09.30"]
[Round "3"]
[White "Pedersen, Helge Fischer"]
[Black "Garcia, Megan Alyssa"]
[Result "1/2-1/2"]
[WhiteElo "1447"]
[BlackElo "1569"]
[PlyCount "101"]
[EventDate "2016.09.30"]
[EventType "swiss"]
[EventRounds "9"]
[EventCountry "NOR"]
[SourceTitle "EXT 2018"]
[Source "ChessBase"]
[SourceDate "2017.10.13"]
[SourceVersion "1"]
[SourceVersionDate "2017.10.13"]
[SourceQuality "1"]

1. e4 d5 2. exd5 Nf6 3. Nc3 Nxd5 4. Nxd5 Qxd5 5. d4 Nc6 6. Be3 Bf5 7. Nf3 e6 8. a3 Bg4 9. Be2 Qh5 10. c4 Be7 11. Ng1 Bxe2 12. Nxe2 Bf6 13. b4 0-0 14. Qd2 e5 15. Ng3 Qg4 16. h3 Qd7 17. d5 Nd4 18. Bxd4 exd4 19. 0-0 c6 20. Ne4 Be7 21. Qxd4 f5 22. Nc5 Bxc5 23. Qxc5 cxd5 24. Rad1 b6 25. Qe3 Rae8 26. Qb3 d4 27. Rd3 Re4 28. Rfd1 Rfe8 29. Kf1 Qe7 30. Qb1 Qe5 31. g3 f4 32. f3 Re3 33. Rxe3 Qxe3 34. Qd3 fxg3 35. Qxe3 Rxe3 36. Kg2 Rxa3 37. Rxd4 a5 38. bxa5 Rxa5 39. Kxg3 Rc5 40. Re4 b5 41. cxb5 Rxb5 42. Re7 Kf8 43. Rc7 Re5 44. f4 Re7 45. Rxe7 Kxe7 46. Kg4 Kf6 47. h4 g6 48. h5 gxh5+ 49. Kxh5 Kf5 50. Kh6 Kxf4 51. Kxh7 1/2-1/2

[Event "Oslo Sveins op 9th"]
[Site "Oslo"]
[Date "2016.06.24"]
[Round "2"]
[White "Pedersen, Helge Fischer"]
[Black "Oygard, Torbjorn"]
[Result "1/2-1/2"]
[WhiteElo "1419"]
[BlackElo "1551"]
[PlyCount "85"]
[EventDate "2016.06.24"]
[EventType "swiss"]
[EventRounds "9"]
[EventCountry "NOR"]
[SourceTitle "CBM 173 Extra"]
[Source "ChessBase"]
[SourceDate "2016.08.29"]
[SourceVersion "1"]
[SourceVersionDate "2016.08.29"]
[SourceQuality "1"]

1. e4 e5 2. Nf3 Nc6 3. Bc4 Bc5 4. b4 Bxb4 5. c3 Ba5 6. 0-0 Bb6 7. d4 exd4 8. cxd4 d6 9. Nc3 Bg4 10. Bxf7+ Kf8 11. Bc4 Nge7 12. Be2 Bxf3 13. Bxf3 Bxd4 14. Bb2 Bf6 15. Rb1 Ne5 16. Nd5 Nxd5 17. Bxe5 Nb6 18. Bg3 Be5 19. Qb3 Qe7 20. Rbd1 h5 21. h4 Qf7 22. Qb4 Qe7 23. Qb3 Qf7 24. Qb4 Kg8 25. Be2 Rh6 26. f4 Bf6 27. f5 Qxa2 28. Rd2 Qf7 29. Bf2 Kh8 30. Be3 Rh7 31. Bxb6 axb6 32. Bc4 Qe7 33. g3 Be5 34. Rf3 Rh6 35. Be6 Rxe6 36. fxe6 Qxe6 37. Kg2 Qg6 38. Rd1 Ra2+ 39. Rd2 Rxd2+ 40. Qxd2 Qxe4 41. Qg5 Qe2+ 42. Rf2 Qe4+ 43. Rf3 1/2-1/2

[Event "Oslo Stjernens op B"]
[Site "Oslo"]
[Date "2016.03.13"]
[Round "4"]
[White "Pedersen, Helge Fischer"]
[Black "Gaure, Sigurd Lauvas"]
[Result "0-1"]
[WhiteElo "1448"]
[BlackElo "1360"]
[PlyCount "71"]
[EventDate "2016.03.11"]
[EventType "swiss"]
[EventRounds "5"]
[EventCountry "NOR"]
[SourceTitle "EXT 2023"]
[Source "ChessBase"]
[SourceDate "2022.10.05"]
[SourceVersion "1"]
[SourceVersionDate "2022.10.05"]
[SourceQuality "1"]

1. e4 c5 2. Nf3 d6 3. d4 cxd4 4. Nxd4 Nf6 5. Nc3 g6 6. f4 Bg7 7. e5 dxe5 8. fxe5 Ng4 9. Bb5+ Bd7 10. Qxg4 0-0 11. Bxd7 Nxd7 12. 0-0 Nxe5 13. Qe4 f5 14. Qf4 g5 15. Qxg5 Qxd4+ 16. Be3 Qd7 17. Rad1 Qe6 18. Nd5 Ng4 19. Nxe7+ Kh8 20. Nxf5 Rxf5 21. Rd8+ Rxd8 22. Qxd8+ Bf8 23. Bd4+ Kg8 24. Qh4 Rxf1+ 25. Kxf1 Ne3+ 26. Bxe3 Qxe3 27. Qc4+ Kh8 28. Qc3+ Qxc3 29. bxc3 Kg7 30. Ke2 Kf6 31. Kd3 Kf5 32. Kc4 Ke4 33. a4 b6 34. Kb5 Bc5 35. a5 Ke3 36. a6 0-1

[Event "Oslo Stjernens op B"]
[Site "Oslo"]
[Date "2016.03.12"]
[Round "3"]
[White "Fjellheim, Benjamin"]
[Black "Pedersen, Helge Fischer"]
[Result "1-0"]
[WhiteElo "1696"]
[BlackElo "1448"]
[PlyCount "91"]
[EventDate "2016.03.11"]
[EventType "swiss"]
[EventRounds "5"]
[EventCountry "NOR"]
[SourceTitle "EXT 2023"]
[Source "ChessBase"]
[SourceDate "2022.10.05"]
[SourceVersion "1"]
[SourceVersionDate "2022.10.05"]
[SourceQuality "1"]

1. e4 e5 2. Nf3 Nc6 3. d4 exd4 4. Nxd4 Nxd4 5. Qxd4 d6 6. Bc4 Be6 7. Nc3 c5 8. Qd3 Bxc4 9. Qxc4 a6 10. Bf4 Nf6 11. 0-0-0 Qc7 12. e5 dxe5 13. Bxe5 Qc6 14. Rhe1 Be7 15. Bd6 0-0 16. Bxe7 Rfe8 17. Qxc5 Qxc5 18. Bxc5 Rxe1 19. Rxe1 g6 20. Re7 b5 21. Ra7 Rc8 22. Bd4 Rc6 23. Bxf6 Rxf6 24. Ne4 Re6 25. Nc5 Re2 26. Nd3 Re6 27. Kd2 g5 28. b3 f5 29. c4 bxc4 30. bxc4 f4 31. f3 h5 32. c5 Kf8 33. Rb7 Ke8 34. Rb6 Rxb6 35. cxb6 Kd7 36. b7 Kc7 37. Nc5 a5 38. a4 g4 39. fxg4 hxg4 40. Ne6+ Kxb7 41. Nxf4 Kc6 42. Nd3 Kd5 43. Kc3 Ke4 44. Nf2+ Kf4 45. Nxg4 Kxg4 46. Kc4 1-0